00356nam a2200121Ia 4500008004100000041000800041082001200049100002200061245004500083260006200128300003300190365001100223240624s9999 xx 000 0 und d aeng a378 DHA aDHARASKAR RAJIV V aSTRATEGY TO DEVELOP WORLD CLASS UNIVERSI c2013aNew DelhibShroff Publishers & Distributors Pvt Ltd axxxiv, : 465 : p. : cm. ; 22 cRSb30